Codified regulations, teacher education and certification. (Record no. 21936)
[ view plain ]
| 000 -LEADER | |
|---|---|
| fixed length control field | 00883cam a22002651 4500 |
| 001 - CONTROL NUMBER | |
| control field | e 43000133 |
| 003 - CONTROL NUMBER IDENTIFIER | |
| control field | DLC |
| 005 - DATE AND TIME OF LATEST TRANSACTION | |
| control field | 20260227111231.0 |
| 008 - FIXED-LENGTH DATA ELEMENTS--GENERAL INFORMATION | |
| fixed length control field | 881109s1943 kyu 000 0 eng c |
| 010 ## - LIBRARY OF CONGRESS CONTROL NUMBER | |
| LC control number | e 43000133 |
| 035 ## - SYSTEM CONTROL NUMBER | |
| System control number | (OCoLC)18727336 |
| 040 ## - CATALOGING SOURCE | |
| Original cataloging agency | U.S. Off. of Educ. Library |
| Transcribing agency | MsU |
| Modifying agency | DLC |
| 042 ## - AUTHENTICATION CODE | |
| Authentication code | premarc |
| 050 00 - LIBRARY OF CONGRESS CALL NUMBER | |
| Classification number | L152 |
| Item number | .B35 vol. 11, no. 6 |
| 082 ## - DEWEY DECIMAL CLASSIFICATION NUMBER | |
| Classification number | 371.133 |
| 110 1# - MAIN ENTRY--CORPORATE NAME | |
| Corporate name or jurisdiction name as entry element | Kentucky. |
| Form subheading | Laws, statutes, etc. |
| 245 10 - TITLE STATEMENT | |
| Title | Codified regulations, teacher education and certification. |
| 260 ## - PUBLICATION, DISTRIBUTION, ETC. | |
| Place of publication, distribution, etc. | [Frankfort, |
| Date of publication, distribution, etc. | 1943] |
| 300 ## - PHYSICAL DESCRIPTION | |
| Extent | [311]-352 p. |
| Dimensions | 23 cm. |
| 490 0# - SERIES STATEMENT | |
| Series statement | Kentucky. Dept. of Education. Educational bulletin ... |
| Volume/sequential designation | Vol. XI, no. 6 |
| 500 ## - GENERAL NOTE | |
| General note | At head of title: Commonwealth of Kentucky. |
| 650 #0 - SUBJECT ADDED ENTRY--TOPICAL TERM | |
| Topical term or geographic name entry element | Teachers |
| General subdivision | Training of |
| Geographic subdivision | Kentucky. |
| 650 #0 - SUBJECT ADDED ENTRY--TOPICAL TERM | |
| Topical term or geographic name entry element | Teachers |
| General subdivision | Certification |
| Geographic subdivision | Kentucky. |
| 650 #0 - SUBJECT ADDED ENTRY--TOPICAL TERM | |
| Topical term or geographic name entry element | Educational law and legislation |
| Geographic subdivision | Kentucky. |
No items available.